Southville International School and Colleges
Your cart is empty.
  • Cart
  • Lists
    Public lists Eva Luna New books Lux_list list_1
    Your lists Log in to create your own lists
  • Log in to your account
  • Your cookies
  • Search history
Southville International School and Colleges
  • Advanced search
  • Recent comments
  • Most popular
  • Libraries

Log in to your account

Log in with GOOGLE


If you do not have an external account, but do have a local account, you can still log in:

  1. Home
  2. MARC view: Welcome to tyler /
Normal view MARC view ISBD view

Welcome to tyler / (Record no. 281984)

[ view plain ]
MARC details
000 -LEADER
fixed length control field 00363nam a2200133Ia 4500
008 - FIXED-LENGTH DATA ELEMENTS--GENERAL INFORMATION
fixed length control field 150202s9999 xx 000 0 und d
020 ## - INTERNATIONAL STANDARD BOOK NUMBER
International Standard Book Number 373825056
050 ## - LIBRARY OF CONGRESS CALL NUMBER
Classification number FIC
Item number FIC
100 ## - MAIN ENTRY--PERSONAL NAME
Personal name Ellison, Suzanne.
245 ## - TITLE STATEMENT
Title Welcome to tyler /
Statement of responsibility, etc Suzanne Ellison.
260 ## - PUBLICATION, DISTRIBUTION, ETC. (IMPRINT)
Place of publication, distribution, etc New York :
Name of publisher, distributor, etc Harlequin Books,
Date of publication, distribution, etc 1992.
300 ## - PHYSICAL DESCRIPTION
Extent 300 pages :
Dimensions 18 cm.
650 ## - SUBJECT ADDED ENTRY--TOPICAL TERM
Topical term or geographic name as entry element Fiction.
Holdings
Withdrawn status Lost status Damaged status Home library Current library Shelving location Date acquired Total Checkouts Full call number Barcode Date last seen Price effective from Koha item type
      South Mansfield College South Mansfield College Fiction Section 02/02/2015   FIC EI1b 1992 SMC2344 02/02/2015 02/02/2015 Books

Welcome to tyler /

APA

Ellison S., . (1992). Welcome to tyler. New York: Harlequin Books.

Chicago

Ellison Suzanne, . 1992. Welcome to tyler. New York: Harlequin Books.

Harvard

Ellison S., . (1992). Welcome to tyler. New York: Harlequin Books.

MLA

Ellison Suzanne, . Welcome to tyler. New York: Harlequin Books. 1992.

  • Place hold
  • Print
  • Cite
  • Add to your cart (remove)
  • Save record
    BIBTEX Dublin Core MARCXML MARC (non-Unicode/MARC-8) MARC (Unicode/UTF-8) MARC (Unicode/UTF-8, Standard) MODS (XML) RIS
  • More searches
    Search for this title in:
    Other Libraries (WorldCat) Other Databases (Google Scholar) Online Stores (Bookfinder.com) Open Library (openlibrary.org)

Exporting to Dublin Core...

SOUTHVILLE LIBRARY

Southville International School and Colleges Library

1281 Tropical Ave. Cor. Luxembourg St., BF Homes International, Las Pinas City

Tel. No. 8256374 / 252358 Loc. 117/146

Powered by Koha